Obálka Náhled e-knihy:
PDF Epub
Pro půjčování e-knih musíte být přihlášeni.
Jak si půjčit online?

Star Wars - vrcholná republika. Do temnoty /

V druhé knize série Star Wars - Vrcholná republika se mladý hrdina proti své vůli ocitá uprostřed dobrodružství, o kterém by si raději jen četl.

Uloženo v:
Série:Star Wars - vrcholná republika, část 2
Hlavní autor: Gray, Claudia, 1970- (Autor)
Další autoři: Šebesta, Lubomír (Autor)
Médium: E-kniha
Jazyk:Czech
Vydáno: V Praze : Egmont, 2021
Vydání:První vydání
Témata:
Příbuzné jednotky:Z cyklu:: Star Wars - vrcholná republika
Tagy:
Žádné tagy
LEADER 02731nam a2200493 i 4500
001 311400
003 CZ PrSKC
005 20260601215704.0
007 ta
008 210915s2021 xr g 000 f cze
015 |a cnb003352301 
020 |a 9788025241653  |q (brožováno) :  |c Kč 349,00 
035 |a (OCoLC)1288051638 
035 |a (OCoLC)1291384290 
040 |a ABG001  |b cze  |d ABA001  |e rda 
041 1 |a cze  |h eng 
072 7 |a 821.111(73)-3  |x Americká próza  |2 Konspekt 
080 |a 821.111(73)-31  |2 MRF 
080 |a (0:82-311.9)  |2 MRF 
100 1 |a Gray, Claudia,  |d 1970-  |7 xx0118587  |4 aut 
240 1 0 |a Into the dark.  |l Česky 
245 1 0 |a Star Wars - vrcholná republika.  |p Do temnoty /  |c Claudia Gray ; z anglického originálu Star wars, the high republic - Into the dark přeložil Lubomír Šebesta 
246 3 0 |a Do temnoty 
250 |a První vydání 
264 1 |a V Praze :  |b Egmont,  |c 2021 
300 |a 296 stran ;  |c 20 cm 
336 |a text  |b txt  |2 rdacontent 
337 |a bez média  |b n  |2 rdamedia 
338 |a svazek  |b nc  |2 rdacarrier 
520 2 |a V druhé knize série Star Wars - Vrcholná republika se mladý hrdina proti své vůli ocitá uprostřed dobrodružství, o kterém by si raději jen četl.  |b Jediský padawan Reath Silas miluje dobrodružství. Raději by si však o něm četl, než aby ho prožíval. Tráví celé hodiny pročítáním Archivů Jediů na Coruscantu a sní o tom, že se stane jedním z největších učenců řádu Jedi. Ale Reathova mistryně, vysoce respektovaná Jora Malli, má jiné plány: přijala místo na Majáku Hvězdosvit, nové úchvatné republikové základně na okraji známého vesmíru. Reath jako její padawan ji musí následovat, ať se mu to líbí, nebo ne. Nakladatelská anotace. 
521 8 |a Pro čtenáře od 12 let 
655 7 |a americké romány  |7 fd131796  |2 czenas 
655 7 |a vědecko-fantastické romány  |7 fd133847  |2 czenas 
655 9 |a American fiction  |2 eczenas 
655 9 |a science fiction novels  |2 eczenas 
700 1 |a Šebesta, Lubomír  |7 xx0084760  |4 trl 
765 1 |t Star wars, the high republic 
787 0 8 |i Z cyklu:  |t Star Wars - vrcholná republika  |g 2 
900 |a ABA001  |b 20 
928 9 |a Albatros Media - Egmont 
044 |a xr 
910 |a RBIT002 
998 |d 334721  |a https://core.palmknihy.cz/api/books/334721/cover?si81qx  |b https://core.palmknihy.cz/api/books/334721/cover/400?si81qx  |c https://core.palmknihy.cz/api/books/334721/cover/50?si81qx  |e 2026-12-31  |g 304  |i 9788025241653  |j https://core.palmknihy.cz/api/books/334721/preview.epub  |k https://core.palmknihy.cz/api/books/334721/preview.pdf  |l   |q 49  |r 1  |s https://www.palmknihy.cz/kniha/334721  |t ebook  |y 2021  |z 0  |v Star Wars - Vrcholná Republika  |w 2 
999 |d 311398